Most Rushing Yards In A Month For Every NFL Team - Statistics

General Stats
  • This quiz has been taken 18 times
  • The average score is 15 of 32
Answer Stats
Team Yards Month Player % Correct
MIN 893 12/2012 Adrian Peterson
82%
PHI 777 11/2024 Saquon Barkley
76%
DET 762 11/1997 Barry Sanders
71%
CIN 704 11/2006 Chad Johnson
71%
TEN 968 11/2009 Chris Johnson
71%
SFF 695 12/2023 Christian McCaffrey
71%
CAR 683 12/2019 Christian McCaffrey
71%
ARI 726 10/2016 David Johnson
71%
DAL 778 11/2018 Ezekiel Elliott
65%
IND 838 11/1998 Marshall Faulk
65%
CLE 748 11/1964 Jim Brown
59%
WAS 851 10/1972 Larry Brown
59%
NYG 960 12/2005 Tiki Barber
53%
CHI 840 11/1977 Walter Payton
53%
LAC 790 12/2003 LaDainian Tomlinson
47%
SEA 624 11/2005 Marshawn Lynch
47%
GBP 758 11/2003 Ahman Green
41%
HOU 809 10/2011 Arian Foster
41%
BAL 670 11/2003 Jamal Lewis
41%
PIT 748 12/2016 Le'Veon Bell
41%
JAX 646 11/2009 Maurice Jones-Drew
41%
KAN 727 10/2002 Priest Holmes
41%
MIA 866 12/2002 Ricky Williams
41%
LVR 710 11/1985 Marcus Allen
35%
LAR 849 12/2006 Steven Jackson
29%
NYJ 651 11/2008 Thomas Jones
29%
BUF 814 9/1991 Thurman Thomas
29%
DEN 826 12/2002 Clinton Portis
24%
NOS 791 11/2003 Deuce McAllister
24%
ATL 701 11/1998 Jamal Anderson
24%
TBB 759 9/1984 James Wilder
6%
NEP 650 10/1976 Sam Cunningham
6%
No matching quizzes found
Score Distribution
Percent of People with Each Score
Percentile by Number Answered
Your Score History
You have not taken this quiz